Statystyki dla Zwycięzcy Pucharu UEFA/Ligi Europy

Kliknij tutaj aby rozwiązać quiz!

Ogólne statystyki

  • Ten quiz został rozwiązany 68 razy
  • Średni wynik to 7 z 29

Statystyki odpowiedzi

HintOdpowiedź% Poprawnych
1 razManchester United
70%
2 razyReal Madryt
70%
6 razySevilla FC
58%
3 razyAtletico Madryt
50%
3 razyInter Mediolan
42%
2 razyFC Porto
40%
1 razBayern Monachium
38%
3 razyLiverpool FC
33%
1razSzachtar Donieck
27%
2 razyChelsea FC
25%
1 razVillarreal CF
23%
1 razCSKA Moskwa
22%
2 razyFeyenoord Rotterdam
18%
1 razPSV Eindhoven
18%
1 razBayer Leverkusen
17%
1 razValencia CF
17%
2 razyTottenham Hotspur
13%
1 razEintracht Frankfurt
12%
1 razGalatasaray
12%
2 razyParma
12%
2 razyBorussia Monchengladbach
10%
1 razAnderlecht
8%
1 razSSC Napoli
8%
2 razyIFK Goteborg
7%
1 razSchalke 04 Gelsenkirchen
7%
1 razZenit St.Petersburg
7%
3 razyJuventus FC
5%
1 razIpswich Town
3%
1 razAFC Ajax
2%

Rozkład punktacji

Percentyl według liczby udzielonych odpowiedzi

Procent ludzi z każdym wynikiem

Twoja historia wyników

Nie rozwiązałeś tego quizu